<?xml version="1.0" encoding="UTF-8"?><?xml-stylesheet type="text/xsl" href="static/style.xsl"?><OAI-PMH xmlns="http://www.openarchives.org/OAI/2.0/" xmlns:xsi="http://www.w3.org/2001/XMLSchema-instance" xsi:schemaLocation="http://www.openarchives.org/OAI/2.0/ http://www.openarchives.org/OAI/2.0/OAI-PMH.xsd"><responseDate>2026-06-05T12:26:34Z</responseDate><request verb="GetRecord" identifier="oai:riuma.uma.es:10630/39120" metadataPrefix="marc">https://riuma.uma.es/rest/oai/request</request><GetRecord><record><header><identifier>oai:riuma.uma.es:10630/39120</identifier><datestamp>2026-02-03T10:27:27Z</datestamp><setSpec>com_10630_1685</setSpec><setSpec>col_10630_38056</setSpec></header><metadata><record xmlns="http://www.loc.gov/MARC21/slim" xmlns:dcterms="http://purl.org/dc/terms/" xmlns:doc="http://www.lyncode.com/xoai" xmlns:xsi="http://www.w3.org/2001/XMLSchema-instance" xsi:schemaLocation="http://www.loc.gov/MARC21/slim http://www.loc.gov/standards/marcxml/schema/MARC21slim.xsd">
   <leader>00925njm 22002777a 4500</leader>
   <datafield ind2=" " ind1=" " tag="042">
      <subfield code="a">dc</subfield>
   </datafield>
   <datafield ind2=" " ind1=" " tag="720">
      <subfield code="a">Cumbreras García, Ana</subfield>
      <subfield code="e">author</subfield>
   </datafield>
   <datafield ind2=" " ind1=" " tag="260">
      <subfield code="c">2024-12</subfield>
   </datafield>
   <datafield ind2=" " ind1=" " tag="520">
      <subfield code="a">En este trabajo se analiza la reputación online de los sitios de China y Japón&#xd;
adscritos a “La Lista” del “Patrimonio de la Humanidad” de la UNESCO. La&#xd;
plataforma que se ha utilizado para la recopilación de datos ha sido TripAdvisor y&#xd;
recoge datos como son el número de opiniones y el número de fotos compartidas&#xd;
por los usuarios, así como la puntuación de los usuarios de la plataforma, entre&#xd;
otros.&#xd;
Dichos datos muestran que la mayoría de los sitios de China y Japón se&#xd;
encuentran representados en la plataforma de TripAdvisor, aunque con diferentes&#xd;
grados de representación. El no tener perfil en la plataforma, puede repercutir&#xd;
directamente en la visibilidad del sitio, aunque esto no quiere decir que las&#xd;
administraciones abandonen la gestión de ellos.&#xd;
En la actualidad, la reputación online de prácticamente todo, es determinante&#xd;
tanto para el usuario, como para el cliente. El hecho de tener reconocimiento de&#xd;
un organismo con tanta relevancia global como es la UNESCO, no es garantía&#xd;
suficiente para contar con una buena presencia en la web. Es por ello que las&#xd;
administraciones deben trabajar conjuntamente con las plataformas para fomentar&#xd;
la visibilidad de los sitios que no la tienen, propiciando así su correcta&#xd;
conservación.</subfield>
   </datafield>
   <datafield ind1="8" ind2=" " tag="024">
      <subfield code="a">https://hdl.handle.net/10630/39120</subfield>
   </datafield>
   <datafield tag="653" ind2=" " ind1=" ">
      <subfield code="a">Turismo - Trabajos fin de máster</subfield>
   </datafield>
   <datafield tag="653" ind2=" " ind1=" ">
      <subfield code="a">Patrimonio cultural - China</subfield>
   </datafield>
   <datafield tag="653" ind2=" " ind1=" ">
      <subfield code="a">Patrimonio cultural - Japón</subfield>
   </datafield>
   <datafield tag="653" ind2=" " ind1=" ">
      <subfield code="a">Visibilidad - Sitios web</subfield>
   </datafield>
   <datafield ind2="0" ind1="0" tag="245">
      <subfield code="a">China, Japón y patrimonio de la humanidad: análisis de la reputación online</subfield>
   </datafield>
</record>
</metadata></record></GetRecord></OAI-PMH>